Optimization of power system operation / (Record no. 520)

000 -LEADER
fixed length control field 00647nam a22002177a 4500
001 - CONTROL NUMBER
control field 520
003 - CONTROL NUMBER IDENTIFIER
control field BD-DhUET
008 - FIXED-LENGTH DATA ELEMENTS--GENERAL INFORMATION
fixed length control field 110506s2009 nju b 001 0 eng
020 ## - INTERNATIONAL STANDARD BOOK NUMBER
International Standard Book Number 9780470298886
040 ## - CATALOGING SOURCE
Original cataloging agency UKM
Transcribing agency UKM
Modifying agency BD-DhUET
082 04 - DEWEY DECIMAL CLASSIFICATION NUMBER
Classification number 623.190151
Item number ZHU/2009
100 1# - MAIN ENTRY--PERSONAL NAME
Personal name Zhu, Jizhong,
245 10 - TITLE STATEMENT
Title Optimization of power system operation /
Statement of responsibility, etc. by Jizhong Zhu.
250 ## - EDITION STATEMENT
Edition statement Ist ed.
260 ## - PUBLICATION, DISTRIBUTION, ETC. (IMPRINT)
Place of publication, distribution, etc. Chichester :
Name of publisher, distributor, etc. John Wiley [distributor],
Date of publication, distribution, etc. 2009.
300 ## - PHYSICAL DESCRIPTION
Extent xviii, 603 p. ;
Dimensions 24 cm.
490 1# - SERIES STATEMENT
Series statement IEEE Press series on power engineering
504 ## - BIBLIOGRAPHY, ETC. NOTE
Bibliography, etc Includes bibliographies.
650 #0 - SUBJECT ADDED ENTRY--TOPICAL TERM
Topical term or geographic name as entry element Electric power Systems-Mathematical model
942 ## - ADDED ENTRY ELEMENTS (KOHA)
Koha item type General Book
Holdings
Koha full call number Copy number Date acquired Source of classification or shelving scheme Lost status Withdrawn status Shelving location Koha date last seen Location (home branch) Koha item type Koha normalized classification for sorting Damaged status Piece designation (barcode) Sublocation or collection (holding branch) Koha date last borrowed Price effective from Not for loan Koha issues (times borrowed)
623.190151/ZHU/200912014-07-23   Circulation section2014-07-23Central Library, BUETGeneral Book623_000000000000000_190151ZHU2 109449Central Library, BUET 2014-07-23  
623.190151/ZHU/200922014-07-23   Circulation section2014-07-23Central Library, BUETGeneral Book623_000000000000000_190151ZHU2 109450Central Library, BUET 2014-07-23  
623.190151/ZHU/200932014-07-23   Circulation section2025-07-12Central Library, BUETGeneral Book623_000000000000000_190151ZHU2 109840Central Library, BUET2025-06-302014-07-23 1